| 000 | 00689nam a22002537a 4500 | ||
|---|---|---|---|
| 001 | 9712 | ||
| 003 | FISKH | ||
| 005 | 20260130100113.0 | ||
| 008 | 260130b cb ||||| |||| 00| 0 eng d | ||
| 020 | _a0851669662 | ||
| 040 |
_aFISKH _beng _cFISKH _dFISKH |
||
| 050 | _aPZ7 | ||
| 082 | _a641 | ||
| 100 | _aRutland , J.P . | ||
| 245 |
_aBread / _cBy J.P. Rutland : Illustrations : Robery Geary |
||
| 260 |
_aLondon : _bFranklun Watts , _c1982 . |
||
| 300 |
_a48 pages : _bcolor illustrations ; _c22 cm . |
||
| 505 | _aK | ||
| 521 | 8 |
_a510
_bLexile estimate |
|
| 521 | 8 |
_aK
_bRaz-Plus |
|
| 700 |
_aGeary , Robery _eIllustrator |
||
| 942 |
_2ddc _cBK _n0 |
||
| 999 |
_c9712 _d9712 |
||